ARRUPE JESUIT UNIVERSITY

CORONAVIRUS -STOP THE SPREAD - CLEAN,DISINFECT,COVER

Dialectic and narrative in Aquinas (Record no. 62335)

MARC details
000 -LEADER
fixed length control field 00597nam a2200217Ia 4500
003 - CONTROL NUMBER IDENTIFIER
control field 0100
005 - DATE AND TIME OF LATEST TRANSACTION
control field 20171017112116.0
008 - FIXED-LENGTH DATA ELEMENTS--GENERAL INFORMATION
fixed length control field 130303s9999 xx 000 0 und d
040 ## - CATALOGING SOURCE
Transcribing agency ARRUPELIB
050 ## - LIBRARY OF CONGRESS CALL NUMBER
Classification number B765.T54H53 1995
300 ## - PHYSICAL DESCRIPTION
Other physical details 242p. 24cm.
100 ## - MAIN ENTRY--PERSONAL NAME
Personal name Hibbs, Thomas S.
9 (RLIN) 7902
245 ## - TITLE STATEMENT
Title Dialectic and narrative in Aquinas
245 ## - TITLE STATEMENT
Remainder of title an interpretation of the Summa contra gentiles
260 ## - PUBLICATION, DISTRIBUTION, ETC. (IMPRINT)
Place of publication, distribution, etc Notre Dame and London
260 ## - PUBLICATION, DISTRIBUTION, ETC. (IMPRINT)
Name of publisher, distributor, etc University of Notre Dame press
300 ## - PHYSICAL DESCRIPTION
Extent xi
440 ## - SERIES STATEMENT/ADDED ENTRY--TITLE
Title A series of books on ethics
9 (RLIN) 37153
600 ## - SUBJECT ADDED ENTRY--PERSONAL NAME
Personal name Thomas Aquinas, St. Contra gentiles
9 (RLIN) 37154
942 ## - ADDED ENTRY ELEMENTS (KOHA)
Source of classification or shelving scheme Library of Congress Classification
Koha item type Monograph ( Printed materials)
Holdings
Withdrawn status Lost status Source of classification or shelving scheme Damaged status Not for loan Collection code Home library Current library Shelving location Date acquired Total Checkouts Full call number Barcode Date last seen Copy number Price effective from Koha item type
    Library of Congress Classification     Main Collection ARRUPE LIBRARY ARRUPE LIBRARY Main Collection 05/03/2013   B765.T531 C61 1995 46003095628 05/03/2013 1 05/03/2013 Monograph ( Printed materials)

 

Arrupe Library. PO Box MP320 Mt Pleasant, Harare, Zimbabwe
263 242 745411|librarian@aju.ac.zw